[Event "Foment Martinenc op-C 19st"]
[Site "Barcelona"]
[Date "2017.04.29"]
[Round "2.39"]
[White "Font Lopez, Saul"]
[Black "Teruel Sanz, Cristina"]
[Result "1-0"]
[WhiteElo "1473"]
[BlackElo "1680"]
[PlyCount "131"]
[EventDate "2017.04.22"]
[EventType "swiss"]
[EventRounds "9"]
[EventCountry "ESP"]
[SourceTitle "EXT 2024"]
[Source "ChessBase"]
[SourceDate "2023.10.10"]
[SourceVersion "1"]
[SourceVersionDate "2023.10.10"]
[SourceQuality "1"]

1. e4 e5 2. Nf3 Nc6 3. Bb5 Nf6 4. d3 a6 5. Bxc6 bxc6 6. Nxe5 Rb8 7. Bg5 d6 8. Bxf6 Qxf6 9. Ng4 Qxb2 10. Nd2 Bxg4 11. f3 Be6 12. Rb1 d5 13. Rxb2 Rxb2 14. exd5 cxd5 15. c4 Bb4 16. Qa4+ Bd7 17. Qxa6 0-0 18. 0-0 Rxd2 19. Qb7 Re8 20. Qxb4 Rde2 21. h3 h6 22. cxd5 Rxa2 23. Qc4 Rd2 24. Qxc7 Bb5 25. Rb1 Ree2 26. Qc8+ Be8 27. Qc7 Rxg2+ 28. Kf1 Kh7 29. Qf4 Rgf2+ 30. Kg1 Rg2+ 31. Kh1 Rgf2 32. Re1 Rxd3 33. Qe4+ g6 34. Qxd3 Bd7 35. Re7 Bf5 36. Rxf7+ Kg8 37. Rxf5 gxf5 38. Qxf5 Kg7 39. d6 Rd2 40. d7 Kg8 41. Qe6+ Kg7 42. Qe7+ Kg6 43. d8Q Rxd8 44. Qxd8 h5 45. Qd5 Kf6 46. f4 Kg6 47. f5+ Kg5 48. Qe4 h4 49. Kg2 Kf6 50. Kf3 Kg5 51. f6 Kxf6 52. Kg4 Kg7 53. Qe6 Kh7 54. Kh5 Kg7 55. Qh6+ Kf7 56. Qg6+ Ke7 57. Kxh4 Kd7 58. Qf6 Kc7 59. Kg5 Kd7 60. h4 Kc7 61. h5 Kd7 62. h6 Kc7 63. h7 Kd7 64. h8Q Kc7 65. Qh7+ Kc8 66. Qf8# 1-0